| 000 | 00568nam a2200205Ia 4500 | ||
|---|---|---|---|
| 003 | IN-BaIIA | ||
| 008 | 211028s9999 xx 000 0 eng d | ||
| 040 | _cIIA Library | ||
| 080 |
_a539.1 _bSOO |
||
| 100 |
_aSoodak, Harry _92631 |
||
| 245 | 0 |
_aElementary pile thoery _cHarry Soodak and Edward C Campbell |
|
| 260 |
_aNew York _bJohn Wiley & Sons _c1950 |
||
| 300 | _aix, 73p. | ||
| 650 | _aNASA Thesaurus | ||
| 650 |
_aNuclear Reactors _92632 |
||
| 650 |
_aPile Foundations _92633 |
||
| 650 |
_aPiles _92634 |
||
| 700 |
_aCampbell, Edward C. _92635 |
||
| 942 | _cBK | ||
| 999 |
_c1260 _d1260 |
||